Europa y la idea de nación y otros ensayos sobre problemas del hombre contemporáneo
Spremljeno u:
| Format: | Knjiga |
|---|---|
| Jezik: | španjolski |
| Izdano: |
Madrid
Revista de Occidente en Alianza Editorial
1985
|
| Teme: | |
| Oznake: |
Dodaj oznaku
Bez oznaka, Budi prvi tko označuje ovaj zapis!
|
MARC
| LEADER | 00000nam a2200000 a 4500 | ||
|---|---|---|---|
| 001 | UCW9844 | ||
| 003 | CL-VaPUC | ||
| 008 | 890623e19850000SP |||||||||||||||||spa|d | ||
| 082 | 0 | 4 | |a 196.1 |b ORT |2 21 |
| 245 | 1 | 0 | |a Europa y la idea de nación y otros ensayos sobre problemas del hombre contemporáneo |
| 300 | |a 215 p | ||
| 942 | |c BK | ||
| 945 | |d 19890623 00:00:00 | ||
| 260 | |a Madrid |b Revista de Occidente en Alianza Editorial |c 1985 | ||
| 650 | 7 | |a ESTADO NACIONAL |2 CL-VaPUC |9 257346 | |
| 650 | 7 | |a HOMBRE FILOSOFIA |2 CL-VaPUC |9 315278 | |
| 583 | |a last modification |c 19890623 00:00:00 |k Rodrigo Vera | ||
| 999 | |c 221702 |d 221700 | ||
| 952 | |0 0 |1 0 |4 0 |6 196_100000000000000_ORT_1985 |7 0 |8 A |9 215444 |a BIBEDU |b BIBEDU |d 2019-11-15 |i 283880K |o 196.1 ORT 1985 |p 283880K |r 2019-11-15 |w 2019-11-15 |y BK |k FIL | ||